[Event "Champions Showdown: Carlsen-Ding (Blitz G/10)"]
[Site "St. Louis, MO USA"]
[Date "2017.11.13"]
[EventDate "2017.10.21"]
[Round "4.1"]
[Result "0-1"]
[White "Ding Liren"]
[Black "Magnus Carlsen"]
[WhiteElo "2772"]
[BlackElo "2826"]
[PlyCount "144"]

1. d4 Nf6 2. c4 e6 3. Nf3 d5 4. g3 Bb4+ 5. Bd2 Be7 6. Bg2 O-O
7. O-O Nbd7 8. Bc3 b6 9. cxd5 Nxd5 10. e4 Nxc3 11. Nxc3 Bb7
12. Re1 Re8 13. Qc2 c6 14. Rad1 Qc7 15. e5 Rad8 16. h4 h6
17. Qe4 Qb8 18. Qg4 Bb4 19. Nd2 c5 20. Bxb7 Qxb7 21. Nde4 cxd4
22. Rxd4 Be7 23. Nd6 Bxd6 24. exd6 Nf6 25. Qe2 Rd7 26. Qe5 Rc8
27. Red1 Rc5 28. Qe2 Qc6 29. a3 Kf8 30. R4d3 Rc4 31. Qe1 Ne4
32. Nxe4 Rxe4 33. Qd2 Rc4 34. b3 Rc2 35. Qe3 Qc5 36. Qf3 Qc6
37. Qe3 Rc5 38. a4 a5 39. Qf4 Kg8 40. Qe3 Rc2 41. R3d2 Rc3
42. Rd3 Rc5 43. Qf4 Rd5 44. Rxd5 exd5 45. Rc1 Qxd6 46. Rc8+
Kh7 47. Qd4 Qe6 48. Qd3+ Qe4 49. Qxe4+ dxe4 50. Rc6 Rb7
51. Kf1 g6 52. Ke2 Kg7 53. Ke3 b5 54. Rc5 bxa4 55. bxa4 Rb3+
56. Ke2 Rb2+ 57. Kf1 Ra2 58. Rxa5 Kf6 59. Ke1 Ke6 60. Kf1 f6
61. Ke1 g5 62. hxg5 hxg5 63. g4 e3 64. fxe3 Rg2 65. Ra6+ Kf7
66. a5 Rxg4 67. Rb6 Rg2 68. a6 Ra2 69. e4 Ra4 70. e5 Re4+
71. Kd2 Rxe5 72. Kc3 Ra5 0-1

[Event "Champions Showdown: Carlsen-Ding (Blitz G/10)"]
[Site "St. Louis, MO USA"]
[Date "2017.11.13"]
[EventDate "2017.10.21"]
[Round "5.1"]
[Result "1-0"]
[White "Magnus Carlsen"]
[Black "Ding Liren"]
[WhiteElo "2826"]
[BlackElo "2772"]
[PlyCount "85"]

1. e4 e5 2. Nf3 Nc6 3. Bb5 a6 4. Ba4 Nf6 5. O-O Be7 6. d3 b5
7. Bb3 d6 8. c3 O-O 9. Re1 Na5 10. Bc2 c5 11. Nbd2 Re8 12. Nf1
Nc6 13. Ne3 Bf8 14. a4 b4 15. Nd5 h6 16. a5 Nxd5 17. exd5 Nxa5
18. Ba4 Re7 19. Nd2 Rb8 20. c4 Nb7 21. Ne4 f5 22. Ng3 f4
23. Ne4 Rf7 24. Bd2 Qb6 25. Be8 Re7 26. Qh5 Bf5 27. Qxf5 Rbxe8
28. Qg6 Kh8 29. g3 Na5 30. Nxd6 Kg8 31. Rxa5 Rd8 32. Rea1 Rxd6
33. Qe4 Qb7 34. Rxc5 Rf7 35. Rc6 Rxc6 36. dxc6 Qb6 37. gxf4
Bc5 38. Kh1 Bd4 39. fxe5 Rxf2 40. Bf4 Bxb2 41. Be3 Qb8 42. Rg1
Rf8 43. d4 1-0

[Event "Champions Showdown: Carlsen-Ding (Blitz G/10)"]
[Site "St. Louis, MO USA"]
[Date "2017.11.13"]
[EventDate "2017.10.21"]
[Round "6.1"]
[Result "1/2-1/2"]
[White "Ding Liren"]
[Black "Magnus Carlsen"]
[WhiteElo "2772"]
[BlackElo "2826"]
[PlyCount "69"]

1. d4 Nf6 2. c4 e6 3. Nf3 Bb4+ 4. Nbd2 O-O 5. a3 Be7 6. e4 d6
7. Be2 c5 8. d5 e5 9. Qc2 Nbd7 10. Nf1 a6 11. Bd2 Nh5 12. g3
g6 13. Ne3 Ng7 14. Bd3 Nf6 15. O-O Ng4 16. b4 b6 17. bxc5 bxc5
18. Rab1 Nxe3 19. Bxe3 Bh3 20. Rfe1 f5 21. exf5 gxf5 22. Bf1
Bxf1 23. Rxf1 Qd7 24. Bg5 e4 25. Bxe7 Qxe7 26. Nh4 f4 27. Ng2
Nf5 28. Nxf4 Nd4 29. Qb2 Qg5 30. Ne6 Nf3+ 31. Kg2 Qg4 32. h3
Nh4+ 33. Kh2 Nf3+ 34. Kg2 Nh4+ 35. Kh2 1/2-1/2

[Event "Champions Showdown: Carlsen-Ding (Blitz G/10)"]
[Site "St. Louis, MO USA"]
[Date "2017.11.13"]
[EventDate "2017.10.21"]
[Round "7.1"]
[Result "1-0"]
[White "Magnus Carlsen"]
[Black "Ding Liren"]
[WhiteElo "2826"]
[BlackElo "2772"]
[PlyCount "170"]

1. e4 e5 2. Nf3 Nc6 3. Bb5 a6 4. Ba4 Nf6 5. O-O Be7 6. d3 b5
7. Bb3 d6 8. a3 O-O 9. Nbd2 Na5 10. Ba2 c5 11. Re1 Nc6 12. c3
Re8 13. Nf1 h6 14. Ne3 Bf8 15. b4 Be6 16. Nd5 Rc8 17. Bd2 Bxd5
18. exd5 Ne7 19. c4 Nf5 20. a4 bxa4 21. bxc5 Rxc5 22. Qxa4 e4
23. dxe4 Nxe4 24. Bb4 Rc8 25. Qc2 Qf6 26. h3 Nd4 27. Nxd4 Qxd4
28. Rad1 Qb6 29. Rb1 Qd4 30. Rbd1 Qb6 31. Ba3 Qa5 32. Re3 Nf6
33. Rdd3 Rxe3 34. Rxe3 Re8 35. Bc1 Rxe3 36. Bxe3 Qe1+ 37. Kh2
Qa1 38. g3 a5 39. Kg2 Qe5 40. Bb1 g6 41. Bb6 Qe1 42. Bd4 Nd7
43. Bc3 Qe7 44. Bxa5 Bg7 45. Bd2 h5 46. Be3 Be5 47. Qd2 Nc5
48. Bc2 Kg7 49. Qe2 Qf6 50. Qf3 Qxf3+ 51. Kxf3 f5 52. Ke2 Kf6
53. Kd2 g5 54. f4 gxf4 55. gxf4 Bb2 56. Bf2 Kg6 57. Kd1 Bc3
58. Bh4 Bf6 59. Be1 Bd4 60. Ke2 Bb2 61. Ba5 Bc1 62. Kf3 Ba3
63. Bc7 Nd7 64. Ke2 Nf6 65. Bd3 Bc5 66. Kd1 Ne4 67. Kc2 Nf2
68. Bf1 Ne4 69. Bg2 Ng3 70. Bf3 Ne4 71. Bg2 Ng3 72. Kd3 h4
73. Bd8 Nh5 74. Bg5 Bf2 75. Bf3 Nf6 76. Ke2 Bg3 77. Ke3 Kf7
78. Kd3 Nh7 79. Bh5+ Kg7 80. Be7 Nf6 81. c5 dxc5 82. Bf3 Bxf4
83. Bxc5 Ne8 84. Be7 Nd6 85. Bxh4 Kg6 1-0

[Event "Champions Showdown: Carlsen-Ding (Blitz G/10)"]
[Site "St. Louis, MO USA"]
[Date "2017.11.13"]
[EventDate "2017.11.13"]
[Round "8"]
[Result "0-1"]
[White "Ding Liren"]
[Black "Magnus Carlsen"]
[WhiteElo "2774"]
[BlackElo "2837"]
[PlyCount "130"]

1. Nf3 d5 2. d4 Nf6 3. c4 e6 4. Nc3 a6 5. cxd5 exd5 6. Bg5 Be6
7. e3 Nbd7 8. Bd3 h6 9. Bh4 Bd6 10. O-O O-O 11. Rc1 Re8 12. a3
c6 13. Bg3 Bxg3 14. hxg3 Bg4 15. Ne2 Ne4 16. Nf4 Ndf6 17. Be2
Nd6 18. Ne5 Bxe2 19. Qxe2 Nfe4 20. g4 Qg5 21. g3 f5 22. Kg2
fxg4 23. Rh1 Nf6 24. Rh4 Rxe5 25. dxe5 Qxe5 26. Rhh1 Qe4+
27. Kg1 Nc4 28. Qc2 Ne5 29. Qxe4 Nxe4 30. Kg2 Rf8 31. Rc2 Rf6
32. Rd1 g5 33. Nd3 Nxd3 34. Rxd3 h5 35. b4 h4 36. a4 Kg7
37. b5 axb5 38. axb5 Kg6 39. bxc6 bxc6 40. Ra3 c5 41. Rd3 h3+
42. Kg1 Rd6 43. Rd1 Kf5 44. Rb2 c4 45. Rb8 c3 46. Rf8+ Ke5
47. Re8+ Re6 48. Rd8 Rd6 49. Re8+ Kf5 50. Rf8+ Ke6 51. Re8+
Kd7 52. Ra8 Nd2 53. Rc1 Rc6 54. Ra3 Ne4 55. Rd1 Ke6 56. Rc1
Rb6 57. Raxc3 Nxc3 58. Rxc3 Rb1+ 59. Kh2 Rf1 60. Rc2 Kf5
61. Rb2 Ke4 62. Ra2 Kf3 63. e4 Kxe4 64. Re2+ Kd3 65. Re3+ Kc4
0-1

[Event "Champions Showdown: Carlsen-Ding (Blitz)"]
[Site "St Louis, MO USA"]
[Date "2017.11.14"]
[EventDate "2017.11.14"]
[Round "1"]
[Result "1/2-1/2"]
[White "Magnus Carlsen"]
[Black "Ding Liren"]
[WhiteElo "2837"]
[BlackElo "2774"]
[PlyCount "99"]

1. Nf3 c5 2. e3 Nf6 3. d4 e6 4. c4 d5 5. cxd5 exd5 6. Bb5+ Bd7
7. Bxd7+ Nbxd7 8. O-O c4 9. a4 a6 10. a5 Bd6 11. b3 Rc8
12. bxc4 dxc4 13. Qa4 O-O 14. Ba3 b5 15. axb6 Nxb6 16. Qc2
Nbd5 17. Nc3 Nxc3 18. Qxc3 Rc6 19. Bxd6 Qxd6 20. Ne5 Rc7
21. Qa3 Qxa3 22. Rxa3 c3 23. Rc1 c2 24. Kf1 Rb8 25. Rxa6 h5
26. Ra2 Rb1 27. Nd3 Rc3 28. Rxc2 Rxc1+ 29. Rxc1 Rxd3 30. Ke2
Ra3 31. Rc2 g6 32. Kf3 Kg7 33. h3 g5 34. Rc5 Kg6 35. Rc6 h4
36. g4 hxg3 37. Kxg3 Kf5 38. Rc5+ Kg6 39. Rc6 Kg7 40. h4 g4
41. h5 Nxh5+ 42. Kxg4 Nf6+ 43. Kf3 Nd5 44. Rc5 Nb4 45. Rb5 Nc6
46. Ke4 Ne7 47. Rb7 Kf6 48. Rb6+ Kg7 49. Rb7 Kf6 50. Rb6+
1/2-1/2

[Event "Champions Showdown: Carlsen-Ding (Blitz)"]
[Site "St Louis, MO USA"]
[Date "2017.11.14"]
[EventDate "2017.11.14"]
[Round "2"]
[Result "0-1"]
[White "Ding Liren"]
[Black "Magnus Carlsen"]
[WhiteElo "2774"]
[BlackElo "2837"]
[PlyCount "114"]

1. d4 Nf6 2. c4 g6 3. g3 Bg7 4. Bg2 O-O 5. Nc3 d6 6. Nf3 c6
7. O-O Bf5 8. Ne1 Be6 9. d5 cxd5 10. cxd5 Bd7 11. Be3 a5
12. Bd4 Na6 13. Nd3 b5 14. a3 b4 15. axb4 Nxb4 16. Qd2 Rb8
17. Nxb4 Rxb4 18. e3 Qb8 19. Ne2 a4 20. Bc3 Rb5 21. Nd4 Rxd5
22. Bxd5 Nxd5 23. Rfc1 Qb7 24. Ne2 Nxc3 25. Nxc3 Rb8 26. Nd5
Bxb2 27. Rc7 Qxc7 28. Nxc7 Bxa1 29. Nd5 Kf8 30. Qa5 Bc6
31. Nb4 Bc3 32. Qc7 Rxb4 33. Qxc6 Bf6 34. Qa8+ Kg7 35. Qa5
Rb1+ 36. Kg2 Ra1 37. f4 a3 38. e4 Bb2 39. Qb4 Re1 40. Qb3 Rxe4
41. Kf3 Re1 42. h4 h5 43. Qc4 e6 44. Qb3 d5 45. Qa2 Ra1
46. Qb3 Rc1 47. Kg2 Rc3 48. Qa4 Rc4 49. Qa7 Rc2+ 50. Kf3 d4
51. Qa5 d3 52. Qa4 Rc1 53. Qb4 Rc8 54. g4 hxg4+ 55. Kxg4 Rd8
56. Qd2 Bf6 57. h5 a2 0-1

[Event "Champions Showdown: Carlsen-Ding (Blitz)"]
[Site "St Louis, MO USA"]
[Date "2017.11.14"]
[EventDate "2017.11.14"]
[Round "3"]
[Result "0-1"]
[White "Magnus Carlsen"]
[Black "Ding Liren"]
[WhiteElo "2837"]
[BlackElo "2774"]
[PlyCount "114"]

1. e4 c5 2. Nc3 d6 3. Nge2 Nf6 4. g3 Nc6 5. Bg2 g6 6. d3 Bg7
7. O-O O-O 8. h3 e6 9. Be3 b6 10. Qd2 d5 11. Bh6 Bxh6 12. Qxh6
Nd4 13. exd5 Nxe2+ 14. Nxe2 exd5 15. Rfe1 Bb7 16. g4 Re8
17. Ng3 Qd6 18. g5 Rxe1+ 19. Rxe1 Re8 20. Rxe8+ Nxe8 21. Nf1
Bc8 22. Qh4 d4 23. Qg3 Be6 24. a3 Kg7 25. Nd2 Qxg3 26. fxg3
Nd6 27. Kf2 Nf5 28. Nf1 f6 29. gxf6+ Kxf6 30. g4 Nd6 31. Nd2
h5 32. gxh5 gxh5 33. Kg3 Nf5+ 34. Kf4 Ne3 35. Bf3 h4 36. Ne4+
Ke7 37. Ng5 Nxc2 38. Nxe6 Kxe6 39. Kg5 Ke5 40. Kxh4 Kf4
41. Bc6 Ne1 42. Bb5 Ke3 43. Kg5 Nxd3 44. h4 Nf4 45. Kf5 Kf3
46. Bc6+ Kg3 47. Bb5 Kf3 48. Bc6+ Ke3 49. Bb5 Nh5 50. Kg5 Ng3
51. Kg4 Ne4 52. h5 Nf6+ 53. Kg5 Nxh5 54. Kxh5 d3 55. Kg4 d2
56. Ba4 Ke2 57. Kf4 d1=Q 0-1

[Event "Champions Showdown: Carlsen-Ding (Blitz)"]
[Site "St Louis, MO USA"]
[Date "2017.11.14"]
[EventDate "2017.11.14"]
[Round "4"]
[Result "0-1"]
[White "Ding Liren"]
[Black "Magnus Carlsen"]
[WhiteElo "2774"]
[BlackElo "2837"]
[PlyCount "46"]

1. Nf3 Nf6 2. c4 c5 3. Nc3 e6 4. g3 b6 5. Bg2 Bb7 6. O-O a6
7. Re1 d6 8. e4 Be7 9. d4 cxd4 10. Nxd4 Qc7 11. Be3 Nbd7
12. Rc1 Rc8 13. f4 Qb8 14. g4 h5 15. g5 Ng4 16. g6 Rxc4
17. gxf7+ Kxf7 18. Bf1 Nxe3 19. Rxe3 Rxd4 20. Qxd4 b5 21. Rg3
Bf6 22. e5 Bd8 23. Ne4 Bb6 0-1

[Event "Champions Showdown: Carlsen-Ding (Blitz)"]
[Site "St Louis, MO USA"]
[Date "2017.11.14"]
[EventDate "2017.11.14"]
[Round "5"]
[Result "1/2-1/2"]
[White "Magnus Carlsen"]
[Black "Ding Liren"]
[WhiteElo "2837"]
[BlackElo "2774"]
[PlyCount "169"]

1. d4 Nf6 2. Bf4 g6 3. Nc3 d5 4. e3 Bg7 5. Nf3 O-O 6. Be2 c5
7. O-O cxd4 8. exd4 Bg4 9. h3 Bxf3 10. Bxf3 Nc6 11. Ne2 b5
12. c3 e6 13. a3 a5 14. Nc1 b4 15. a4 Ne4 16. Bxe4 dxe4
17. Nb3 e5 18. dxe5 bxc3 19. bxc3 Nxe5 20. Bxe5 Bxe5 21. Rc1
Qg5 22. Qe2 e3 23. fxe3 Rae8 24. Rf3 Bc7 25. Nd4 Re4 26. Rcf1
Qe5 27. Qd3 Re8 28. Kf2 Qg5 29. Rb1 Qh4+ 30. Kf1 Qg5 31. Rb5
Qe7 32. Rb7 Qc5 33. Nb5 R4e7 34. c4 Be5 35. Rxe7 Qxe7 36. Nc3
Qa3 37. e4 Qc1+ 38. Qd1 Qxd1+ 39. Nxd1 Rb8 40. Rd3 Rb4 41. Rd5
f6 42. Rxa5 Rxc4 43. Ra8+ Kg7 44. Ra7+ Kh6 45. Ne3 Rxe4
46. Ng4+ Kg5 47. Nxe5 fxe5 48. a5 Ra4 49. a6 Kf4 50. Rxh7 Rxa6
51. Rh4+ Ke3 52. Kg1 e4 53. Rh8 Ke2 54. Rb8 e3 55. Rb2+ Kd1
56. Rb1+ Kc2 57. Rb8 Ra1+ 58. Kh2 e2 59. Rc8+ Kd3 60. Rd8+ Kc4
61. Rc8+ Kd5 62. Rd8+ Kc6 63. Re8 e1=Q 64. Rxe1 Rxe1 65. Kg3
Re4 66. Kf3 Kd5 67. h4 Ke5 68. g3 Rd4 69. Ke3 g5 70. hxg5 Rg4
71. Kf3 Rxg5 72. g4 Kf6 73. Kf4 Kg6 74. Kg3 Re5 75. Kf4 Kf6
76. Kf3 Kg5 77. Kg3 Re4 78. Kf3 Rxg4 79. Ke3 Rf4 80. Kd3 Kf5
81. Ke3 Re4+ 82. Kd3 Ke5 83. Kc3 Rd4 84. Kc2 Kd5 85. Kc3
1/2-1/2

[Event "Champions Showdown: Carlsen-Ding (Blitz)"]
[Site "St Louis, MO USA"]
[Date "2017.11.14"]
[EventDate "2017.11.14"]
[Round "6"]
[Result "0-1"]
[White "Ding Liren"]
[Black "Magnus Carlsen"]
[WhiteElo "2774"]
[BlackElo "2837"]
[PlyCount "86"]

1. d4 Nf6 2. c4 c5 3. d5 g6 4. Nc3 Bg7 5. e4 d6 6. Nf3 O-O
7. Be2 e6 8. Nd2 Re8 9. O-O Na6 10. f3 Nc7 11. a4 Na6 12. Ndb1
Nh5 13. Be3 e5 14. Na3 f5 15. Nc2 Nf4 16. exf5 gxf5 17. Qd2
Nb4 18. Bd1 Nbd3 19. Ne1 Nb4 20. Nc2 Bd7 21. Nxb4 cxb4 22. Ne2
Rc8 23. b3 a5 24. Nxf4 exf4 25. Bd4 Qg5 26. Bxg7 Qxg7 27. Bc2
Re3 28. Rae1 Rce8 29. Rxe3 fxe3 30. Qe2 f4 31. Rd1 b6 32. Kf1
Qh6 33. Kg1 Qf6 34. g4 h5 35. gxh5 Re5 36. Kh1 Rxh5 37. Rg1+
Rg5 38. Rxg5+ Qxg5 39. Qd3 Kf8 40. Qd4 e2 41. Qf2 Qe5 42. Qe1
Bh3 43. Bb1 Qc3 0-1

[Event "Champions Showdown: Carlsen-Ding (Blitz)"]
[Site "St Louis, MO USA"]
[Date "2017.11.14"]
[EventDate "2017.11.14"]
[Round "7"]
[Result "1/2-1/2"]
[White "Magnus Carlsen"]
[Black "Ding Liren"]
[WhiteElo "2837"]
[BlackElo "2774"]
[PlyCount "108"]

1. c4 g6 2. g3 Bg7 3. Bg2 e5 4. Nc3 Nc6 5. e3 Nge7 6. Nge2 O-O
7. O-O d6 8. d3 Be6 9. Nd5 Qd7 10. Nec3 Rae8 11. b4 e4
12. dxe4 Bxd5 13. exd5 Nxb4 14. Bd2 Nd3 15. Rb1 Nc5 16. Ne2
Nf5 17. Qc2 h5 18. Nc1 b6 19. Nb3 h4 20. Nxc5 dxc5 21. Bh3 Re7
22. Rfe1 hxg3 23. hxg3 Nd4 24. exd4 Rxe1+ 25. Rxe1 Qxh3
26. dxc5 bxc5 27. Bf4 Bd4 28. Bxc7 Rc8 29. Bf4 Kg7 30. Qe4 Rh8
31. Be5+ Bxe5 32. Qxe5+ Kg8 33. Qe4 Kg7 34. Qg2 Qf5 35. Qe4
Qh3 36. d6 Qh2+ 37. Kf1 Qh1+ 38. Qxh1 Rxh1+ 39. Ke2 Rxe1+
40. Kxe1 Kf6 41. Ke2 Ke6 42. Ke3 Kxd6 43. Kf4 f6 44. g4 Ke6
45. f3 Kd6 46. Ke4 Ke6 47. f4 f5+ 48. Kf3 Kf6 49. Kg3 g5
50. fxg5+ Kxg5 51. gxf5 Kxf5 52. Kf3 Ke5 53. Ke3 Kf5 54. Kf3
Ke5 1/2-1/2

[Event "Champions Showdown: Carlsen-Ding (Blitz)"]
[Site "St Louis, MO USA"]
[Date "2017.11.14"]
[EventDate "2017.11.14"]
[Round "8"]
[Result "0-1"]
[White "Ding Liren"]
[Black "Magnus Carlsen"]
[WhiteElo "2774"]
[BlackElo "2837"]
[PlyCount "156"]

1. d4 Nf6 2. c4 c5 3. d5 g6 4. Nc3 Bg7 5. e4 d6 6. Nge2 O-O
7. Ng3 a6 8. a4 h5 9. Be2 e5 10. Bg5 Qe8 11. Qd2 Nbd7 12. O-O
Nh7 13. Bh6 h4 14. Bxg7 Kxg7 15. Nh1 f5 16. exf5 gxf5 17. f4
Qg6 18. Nf2 e4 19. a5 Ndf6 20. Ncd1 Rb8 21. b4 cxb4 22. Qxb4
Nd7 23. Ne3 b6 24. Rfb1 Qf6 25. axb6 Rxb6 26. Qd2 Rxb1+
27. Rxb1 Nc5 28. Rb6 Bd7 29. g3 hxg3 30. hxg3 Kh8 31. Kg2 Rg8
32. Nfd1 Qf8 33. Nf1 Nf6 34. Nde3 Qe7 35. Qd4 Kh7 36. Qd2 Ra8
37. Rb1 a5 38. g4 fxg4 39. Ng3 a4 40. Rh1+ Kg8 41. Qd4 Nb3
42. Qc3 Nc5 43. Ngf5 Bxf5 44. Nxf5 Qf8 45. Rh6 Ncd7 46. c5 a3
47. Rg6+ Kf7 48. Rg7+ Qxg7 49. Nxg7 Kxg7 50. c6 a2 51. cxd7
a1=Q 52. Qxa1 Rxa1 53. d8=Q Ra2 54. Kf2 g3+ 55. Ke3 g2
56. Qe7+ Kg6 57. f5+ Kxf5 58. Qg7 Nxd5+ 59. Kd4 Rxe2 60. Kxd5
Rd2+ 61. Kc4 e3 62. Qf7+ Ke4 63. Qg6+ Kf3 64. Qf5+ Ke2
65. Qg4+ Kf2 66. Qf4+ Ke2 67. Qg4+ Ke1 68. Qg3+ Rf2 69. Qxe3+
Re2 70. Qg3+ Kf1 71. Qf3+ Ke1 72. Qg3+ Kd1 73. Kd3 Rd2+
74. Ke3 Re2+ 75. Kf3 Rd2 76. Ke3 Kc2 77. Ke4 d5+ 78. Ke3 Rd3+
0-1

[Event "Champions Showdown: Carlsen-Ding (Blitz)"]
[Site "St Louis, MO USA"]
[Date "2017.11.14"]
[EventDate "2017.11.14"]
[Round "9"]
[Result "1/2-1/2"]
[White "Magnus Carlsen"]
[Black "Ding Liren"]
[WhiteElo "2837"]
[BlackElo "2774"]
[PlyCount "84"]

1. e4 c5 2. Nf3 d6 3. Bb5+ Nd7 4. a4 Nf6 5. Nc3 a6 6. Bxd7+
Bxd7 7. a5 g6 8. O-O Bg7 9. e5 dxe5 10. Nxe5 O-O 11. d3 Be6
12. Re1 Nd5 13. Bd2 Qc7 14. Nxd5 Bxd5 15. Bc3 Rad8 16. Qe2 f6
17. Nc4 e5 18. b3 Rfe8 19. f3 Bf8 20. Qf2 Bc6 21. Re2 Qf7
22. Rae1 g5 23. Bd2 h6 24. Be3 Qd5 25. Nd2 f5 26. Nc4 e4
27. dxe4 fxe4 28. f4 gxf4 29. Qxf4 Bg7 30. Qh4 Kh7 31. Rd2 Qg8
32. Rxd8 Rxd8 33. Ne5 Re8 34. Ng4 Qe6 35. h3 Rf8 36. Bxc5 Rf5
37. Be3 h5 38. Nf2 Bf6 39. Qg3 Be5 40. Qh4 Bf6 41. Qg3 Be5
42. Qh4 Bf6 1/2-1/2

[Event "Champions Showdown: Carlsen-Ding (Blitz)"]
[Site "St Louis, MO USA"]
[Date "2017.11.14"]
[EventDate "2017.11.14"]
[Round "10"]
[Result "0-1"]
[White "Ding Liren"]
[Black "Magnus Carlsen"]
[WhiteElo "2774"]
[BlackElo "2837"]
[PlyCount "82"]

1. d4 g6 2. c4 Bg7 3. Nc3 c5 4. d5 d6 5. e4 Nf6 6. Nge2 O-O
7. Ng3 a6 8. a4 h5 9. Be2 e5 10. Bg5 Qe8 11. Qd2 Nbd7 12. a5
Nh7 13. Bh6 Rb8 14. Bxh5 Bxh6 15. Qxh6 b6 16. Bd1 bxa5 17. b3
Qd8 18. h4 Ndf6 19. Qd2 Bd7 20. Nf1 a4 21. bxa4 Rb4 22. Ne3
Qa5 23. f3 Qb6 24. a5 Qb7 25. Ra2 Nh5 26. Ne2 Rb8 27. g4 Nf4
28. Nxf4 exf4 29. Ng2 Rxc4 30. Nxf4 Rd4 31. Qc2 Qb4+ 32. Kf2
c4 33. Ne2 Rd3 34. Nf4 Rb3 35. Be2 c3 36. Kg3 Qd4 37. Nd3 Nf6
38. Rd1 Bxg4 39. fxg4 Nxe4+ 40. Kg2 Rb2 41. Ra4 Qe3 0-1

[Event "Champions Showdown: Carlsen-Ding (Blitz)"]
[Site "St Louis, MO USA"]
[Date "2017.11.14"]
[EventDate "2017.11.14"]
[Round "11"]
[Result "1-0"]
[White "Magnus Carlsen"]
[Black "Ding Liren"]
[WhiteElo "2837"]
[BlackElo "2774"]
[PlyCount "79"]

1. Nf3 Nf6 2. g3 g6 3. b3 Bg7 4. Bb2 O-O 5. Bg2 d6 6. d4 c5
7. c4 Qa5+ 8. Bc3 Qc7 9. Nbd2 Re8 10. O-O e5 11. d5 e4 12. Ng5
Bf5 13. Bxf6 Bxf6 14. Ngxe4 Bxa1 15. Qxa1 Bxe4 16. Nxe4 Nd7
17. f4 Re7 18. g4 Rae8 19. Ng3 b5 20. e4 bxc4 21. bxc4 Qa5
22. Qc1 Nf6 23. e5 dxe5 24. f5 Nxg4 25. Qg5 e4 26. d6 Re5
27. Qxg4 Qc3 28. fxg6 hxg6 29. d7 Rd8 30. Nxe4 Qd4+ 31. Kh1
Kg7 32. Nf6 Qxg4 33. Nxg4 Rg5 34. Nf6 Rf5 35. Rxf5 gxf5
36. Ne8+ Kf8 37. Bc6 Ke7 38. h4 Rb8 39. h5 Rb4 40. Nd6 1-0

[Event "Champions Showdown: Carlsen-Ding (Blitz)"]
[Site "St Louis, MO USA"]
[Date "2017.11.14"]
[EventDate "2017.11.14"]
[Round "12"]
[Result "1/2-1/2"]
[White "Ding Liren"]
[Black "Magnus Carlsen"]
[WhiteElo "2774"]
[BlackElo "2837"]
[PlyCount "104"]

1. d4 Nf6 2. c4 e6 3. Nf3 d5 4. Nc3 a6 5. cxd5 exd5 6. Bg5 Be6
7. e3 Nbd7 8. Bd3 Bd6 9. O-O O-O 10. h3 h6 11. Bf4 Qe7 12. Re1
Rfe8 13. a3 c6 14. Qc2 a5 15. Na4 Ne4 16. Bxe4 dxe4 17. Qxe4
Nf6 18. Bxd6 Qxd6 19. Qe5 Qd8 20. Qf4 Bd5 21. Nc3 Ne4 22. Nxd5
Qxd5 23. Ne5 c5 24. Rad1 cxd4 25. exd4 Nf6 26. Qf3 Qxf3
27. Nxf3 Nd5 28. Re5 Red8 29. Rc1 f6 30. Re2 g5 31. g3 Kf7
32. Rec2 Rd7 33. Nd2 Ne7 34. Rc7 Rad8 35. Nb3 b6 36. a4 h5
37. R1c4 Nd5 38. Rxd7+ Rxd7 39. Nc1 Ke6 40. Ne2 h4 41. Nc3 Kf5
42. g4+ Kg6 43. Nxd5 Rxd5 44. Kg2 f5 45. Rc6+ Kf7 46. gxf5
Rxd4 47. Rxb6 Rxa4 48. Ra6 Rb4 49. Rxa5 Kf6 50. Rc5 Rxb2
51. Rd5 Rb4 52. Rc5 Rf4 1/2-1/2

[Event "FIDE Grand Prix Mallorca"]
[Site "Palma de Mallorca ESP"]
[Date "2017.11.16"]
[EventDate "2017.11.16"]
[Round "1.4"]
[Result "1/2-1/2"]
[White "Ding Liren"]
[Black "Francisco Vallejo Pons"]
[WhiteElo "2774"]
[BlackElo "2705"]
[PlyCount "40"]

1. Nf3 d5 2. g3 Nd7 3. d4 b5 4. e4 dxe4 5. Ng5 Bb7 6. Bg2 Ngf6
7. Nc3 e6 8. O-O a6 9. Ncxe4 Bd5 10. Re1 h6 11. Nxf6+ Nxf6
12. Ne4 Be7 13. Nxf6+ Bxf6 14. Bxd5 Qxd5 15. c3 Rd8 16. Bf4 c5
17. dxc5 Qxc5 18. Qf3 Qd5 19. Qxd5 Rxd5 20. a4 O-O 1/2-1/2

[Event "FIDE Grand Prix Mallorca"]
[Site "Palma de Mallorca ESP"]
[Date "2017.11.17"]
[EventDate "2017.11.16"]
[Round "2.4"]
[Result "1/2-1/2"]
[White "Alexander Riazantsev"]
[Black "Ding Liren"]
[WhiteElo "2651"]
[BlackElo "2774"]
[PlyCount "90"]

1. d4 Nf6 2. c4 e6 3. Nc3 Bb4 4. Qc2 O-O 5. a3 Bxc3+ 6. Qxc3
d5 7. Nf3 dxc4 8. Qxc4 b6 9. Bg5 Ba6 10. Qa4 Qd7 11. Qxd7
Nbxd7 12. Bxf6 gxf6 13. e3 Bb7 14. Be2 c5 15. O-O Rfc8
16. Rac1 Kf8 17. Rfd1 Ke7 18. Kf1 a6 19. Rd2 Be4 20. Rc3 b5
21. dxc5 Nxc5 22. Nd4 Na4 23. Rxc8 Rxc8 24. f3 Rc1+ 25. Kf2
Bg6 26. e4 e5 27. Nb3 Rb1 28. g4 h5 29. h3 h4 30. Na5 Nxb2
31. Nc6+ Kf8 32. Nb4 a5 33. Nc6 b4 34. axb4 axb4 35. Rd8+ Kg7
36. Rb8 Nd1+ 37. Bxd1 Rxd1 38. Nxb4 Rd2+ 39. Kg1 Kh6 40. Nd5
f5 41. gxf5 Bxf5 42. Rh8+ Kg5 43. Rg8+ Kh6 44. Rh8+ Kg5
45. Rg8+ Kh6 1/2-1/2

[Event "FIDE Grand Prix Mallorca"]
[Site "Palma de Mallorca ESP"]
[Date "2017.11.18"]
[EventDate "2017.11.16"]
[Round "3.4"]
[Result "1/2-1/2"]
[White "Ding Liren"]
[Black "Pavel Eljanov"]
[WhiteElo "2774"]
[BlackElo "2707"]
[PlyCount "76"]

1. Nf3 d5 2. g3 c6 3. Bg2 Bg4 4. O-O e6 5. h3 Bh5 6. c4 Nf6
7. d3 Be7 8. Qb3 Qb6 9. Be3 Qxb3 10. axb3 a6 11. g4 Bg6
12. Nc3 Nbd7 13. Nd2 O-O 14. f4 h6 15. cxd5 Nxd5 16. Nxd5 exd5
17. f5 Bh7 18. Bd4 Rfe8 19. e4 dxe4 20. dxe4 Rad8 21. Nc4 Nc5
22. Be3 Nxb3 23. Rad1 f6 24. Bb6 Bc5+ 25. Bxc5 Nxc5 26. Na5
Rxd1 27. Rxd1 g6 28. Rd4 Re7 29. b4 Na4 30. Rd8+ Kg7 31. Rb8
c5 32. Nxb7 cxb4 33. Na5 Re5 34. Rb7+ Kh8 35. Nc6 Rb5 36. Rxb5
axb5 37. Nxb4 gxf5 38. exf5 Bg8 1/2-1/2

[Event "FIDE Grand Prix Mallorca"]
[Site "Palma de Mallorca ESP"]
[Date "2017.11.19"]
[EventDate "2017.11.16"]
[Round "4.4"]
[Result "0-1"]
[White "Ernesto Inarkiev"]
[Black "Ding Liren"]
[WhiteElo "2683"]
[BlackElo "2774"]
[PlyCount "88"]

1. e4 e5 2. Nf3 Nc6 3. Bb5 a6 4. Ba4 Nf6 5. O-O Be7 6. Re1 b5
7. Bb3 O-O 8. a4 b4 9. d4 d6 10. dxe5 Nxe5 11. Nxe5 dxe5
12. Qf3 Bc5 13. h3 Bb7 14. Nd2 Kh8 15. Qg3 Qe7 16. Qh4 g5
17. Qxg5 Rg8 18. Qf5 Rg7 19. Nf3 Rag8 20. Bg5 Nxe4 21. h4 Nxg5
22. hxg5 Rxg5 23. Nxg5 Rxg5 24. Qh3 Qf6 25. Re3 Rxg2+ 26. Qxg2
Bxg2 27. Kxg2 Bxe3 28. fxe3 c5 29. Bc4 Qg6+ 30. Kf3 Qf5+
31. Kg3 Qe4 32. b3 Qxe3+ 33. Kg2 Qd2+ 34. Kh1 f5 35. Rg1 Qh6+
36. Kg2 Kg7 37. Rd1 Qg5+ 38. Kf2 Qf4+ 39. Ke2 Qh2+ 40. Ke3 f4+
41. Ke4 Qxc2+ 42. Rd3 Kf6 43. Bxa6 Qg2+ 44. Rf3 Ke6 0-1

[Event "FIDE Grand Prix Mallorca"]
[Site "Palma de Mallorca ESP"]
[Date "2017.11.20"]
[EventDate "2017.11.16"]
[Round "5.1"]
[Result "1/2-1/2"]
[White "Ding Liren"]
[Black "Levon Aronian"]
[WhiteElo "2774"]
[BlackElo "2801"]
[PlyCount "39"]

1. d4 Nf6 2. c4 e6 3. Nf3 d5 4. Nc3 Bb4 5. cxd5 exd5 6. Bg5
O-O 7. e3 Bf5 8. Qb3 Bxc3+ 9. Qxc3 h6 10. Bh4 g5 11. Bg3 Ne4
12. Qxc7 Nc6 13. Qxd8 Rfxd8 14. Be2 Rac8 15. O-O h5 16. h4 g4
17. Ne5 Nb4 18. Bf4 f6 19. Nd3 Nc3 20. bxc3 1/2-1/2

[Event "FIDE Grand Prix Mallorca"]
[Site "Palma de Mallorca ESP"]
[Date "2017.11.24"]
[EventDate "2017.11.16"]
[Round "8.3"]
[Result "1/2-1/2"]
[White "Peter Svidler"]
[Black "Ding Liren"]
[WhiteElo "2763"]
[BlackElo "2774"]
[PlyCount "52"]

1. c4 Nf6 2. Nc3 e6 3. e4 d5 4. e5 d4 5. exf6 dxc3 6. bxc3
Qxf6 7. d4 b6 8. Be2 Bb7 9. Bf3 Bxf3 10. Nxf3 Bd6 11. Qa4+ c6
12. O-O O-O 13. Rb1 Bc7 14. Re1 Rc8 15. Kh1 Qf5 16. Be3 h6
17. h3 a6 18. d5 exd5 19. Bxb6 Bxb6 20. Rxb6 Nd7 21. Rxc6 Nc5
22. Rxc8+ Rxc8 23. Qa5 dxc4 24. Kg1 Qf6 25. Nd4 Nd3 26. Qf5
Qxf5 1/2-1/2